Dětské etudy : piano /

Hlavní autor: Lemoine, Antoine Henry, 1786-1854
Další autoři: Mikelka, Emil, 1894-1949
Jazyk: Čeština
Vydáno: Praha : Bärenreiter Editio Supraphon, [1996?]
Témata:
Fyzický popis: 77 s. ; 31 cm
Knihy
Uloženo v:
LEADER 00771nam a2200217 a 4500
001 000070945
003 CZ BrMZK
005 19950407143423.0
008 950407s1996 xr f cze d
040 |a BOA001  |b cze 
080 |a 786.2.087.51  |2 MRF 
100 1 |a Lemoine, Antoine Henry,  |d 1786-1854  |7 kup20000000056781  |4 aut 
245 1 0 |a Dětské etudy :  |b piano /  |c Henri Lemoine ; revidoval Emil Mikelka. 
260 |a Praha :  |b Bärenreiter Editio Supraphon,  |c [1996?] 
300 |a 77 s. ;  |c 31 cm 
653 0 |a klavír 
700 1 |a Mikelka, Emil,  |d 1894-1949  |7 kup20000000065229  |4 oth 
910 |a BOA001  |b PK-N-0032.435 
964 |a Klavír  |x etudy pro děti 
990 |a BK 
996 7 |b 3119003788  |c PK-N-0032.435  |l MZK  |r Sklad / do 1 hodiny  |n 2  |p kup  |w 000070945  |u 000010  |a 1  |e BOA001  |j MZK50  |s A